| 000 | 00443pab a2200169 454500 | ||
|---|---|---|---|
| 008 | 180718b2004 xxu||||| |||| 00| 0 eng d | ||
| 100 | _aTyagi, K.G. | ||
| 245 | _aInternational collaborations in Social Science research in India | ||
| 260 | _c2004 | ||
| 300 | _ap.10-11,19. | ||
| 362 | _a29 Mar | ||
| 650 | _aSocial research - India | ||
| 650 | _aSocial research | ||
| 700 | _aJohri, Nutan | ||
| 773 | _aUniversity News | ||
| 909 | _a59986 | ||
| 999 |
_c59986 _d59986 |
||